[Event "Oslo Chess Festival 2018"]
[Site "Oslo"]
[Date "2018.10.02"]
[Round "4"]
[White "Sriram, Jha"]
[Black "Salles, Louis"]
[Result "1/2-1/2"]
[WhiteElo "2402"]
[BlackElo "2247"]
[Annotator "TA"]
[PlyCount "27"]
[EventDate "2018.09.30"]
[EventCountry "NOR"]
[SourceTitle "playchess.com"]
[Source "ChessBase"]
[SourceQuality "1"]

{[%evp 16,27,-14,-29,0,-18,-2,-13,-14,-11,-12,-9,-9,-16]} 1. Nf3 Nf6 2. g3 d5 3. Bg2 c6 4. O-O Bg4 5. d4 Nbd7 6. h3 {D02: 1 d4 d5 2 Nf3 sidelines, including 2...Nf6 3 g3 and 2...Nf6 3 Bf4} (6. c4 e6 7. h3 Bh5 8. cxd5 exd5 9. Qb3 Qb6 10. Qe3+ Be7 11. Nh4 Bg6 12. Nc3 Qd8 13. Nxg6 hxg6 14. b4 b5 {½-½ (30) Malakhov,V (2686)-Tomashevsky,E (2713) St Petersburg 2017}) 6... Bxf3 7. Bxf3 e5 8. dxe5 Nxe5 9. Bg2 {LiveBook: 5 Games} Bd6 10. Nc3 $146 {The position is equal.} ({Predecessor:} 10. b3 Qc7 11. c4 dxc4 12. bxc4 Nxc4 {1-0 (27) Pares Vives,N (2259)-Oliva Valero,O (2227) Sabadell 2010}) 10... Qe7 11. e4 Nxe4 12. Nxe4 dxe4 13. Bxe4 O-O-O 14. Qe2 1/2-1/2

[Event "Oslo Chess Festival 2018"]
[Site "Oslo"]
[Date "2018.10.02"]
[Round "4"]
[White "Pigott, John C"]
[Black "Sjøberg, Isak"]
[Result "1-0"]
[WhiteElo "2386"]
[BlackElo "2214"]
[Annotator "TA"]
[PlyCount "81"]
[EventDate "2018.09.30"]
[EventCountry "NOR"]
[SourceTitle "playchess.com"]
[Source "ChessBase"]
[SourceQuality "1"]

{[%evp 13,81,47,54,48,68,65,62,47,85,66,116,90,122,90,88,91,87,80,125,97,116,122,113,137,130,129,114,113,139,120,193,157,195,53,58,58,80,-35,-37,-40,52,60,157,33,222,239,216,229,216,235,308,166,427,241,382,354,363,379,733,708,1184,1117,2387,2396,29975,29976,29998,29995,29995,29996]} 1. c4 Nf6 2. Nc3 g6 3. e4 d6 4. d4 Bg7 5. f3 O-O 6. Be3 e5 7. d5 a6 8. Bd3 {E87: Königsindisch (Sämisch-Angriff)} Nh5 9. Nge2 f5 10. exf5 {Weiß steht etwas besser.} (10. Qd2 f4 11. Bf2 g5 12. g4 Nf6 13. h4 h6 14. O-O-O Nbd7 15. Kb1 {1-0 (45) Neverov,V (2492)-Tiwari,A (2268) Mumbai 2018}) 10... gxf5 11. Qc2 Kh8 $146 ({Vorgänger:} 11... h6 12. O-O-O Bd7 13. a3 a5 14. Bd2 Na6 15. Ng3 Nxg3 16. hxg3 {1-0 (33) Zotov,N-Maximov,V (1879) Ulan Ude 2014}) 12. O-O-O Nf6 13. h3 b5 14. cxb5 axb5 15. Bxb5 Ba6 16. Kb1 Bxb5 17. Nxb5 Na6 18. Nec3 (18. Qxf5 Nxd5 19. Qg5 Nxe3 $11) 18... Qd7 19. g4 f4 20. Bf2 Rfb8 21. a4 Qf7 (21... Nb4 $16 22. Qb3 Nbxd5 23. Rxd5 (23. Nxd5 Nxd5 24. Qxd5 Rxa4 $14) 23... Nxd5 24. Nxd5 (24. Qxd5 c6 $11) 24... c6) 22. Qf5 Rf8 23. Bh4 ({Lieber} 23. Rd2 $18) 23... Nc5 $14 24. Bxf6 $1 Bxf6 25. Qc2 ({Besser ist} 25. g5 $16 Bd8 26. Qxf7 Rxf7 27. h4) 25... Rfb8 $15 {[%mdl 1024] Schwarz hat Kompensation.} 26. b3 Be7 (26... e4 $1 $15) 27. Kb2 $36 {[%mdl 2048] Weiss hat Initiative.} Ra6 (27... e4 $14) 28. Ne4 (28. Rhe1 $16) 28... c6 $2 {[#]} (28... Nxa4+ $1 $14 29. bxa4 c6) 29. Nxc5 $1 $18 ({Schwächer ist} 29. Nexd6 Bxd6 30. Nxd6 Qa7 $11) ({Lieber nicht} 29. Nbxd6 Nxa4+ 30. Kc1 Bxd6 $11) 29... dxc5 30. dxc6 Rxc6 31. Qe4 Rbc8 32. Qc4 (32. Rd7 $142) 32... Qg7 $2 {[#]} (32... Qxc4 {war nötig.} 33. bxc4 Ra8) 33. Ka2 (33. Na7 $142) 33... Rb6 (33... Bf8 $142 34. Rd2 Rh6) 34. Rd7 Qf6 35. Rhd1 Re8 $2 (35... Bf8 36. Qe4 Qg6 37. Qxe5+ Kg8 38. Qd5+ Qe6) 36. Nc7 Reb8 37. Nd5 Qh4 38. Nxb6 Rxb6 39. Qf7 {Weiß setzt Matt.} c4 40. Qe8+ Kg7 41. Rxe7+ {Precision: Weiß = 46%, Schwarz = 24%.} 1-0

[Event "Oslo Chess Festival 2018"]
[Site "Oslo"]
[Date "2018.10.02"]
[Round "4"]
[White "Cherniaev, Alexander"]
[Black "Solberg, Joachim"]
[Result "1-0"]
[WhiteElo "2384"]
[BlackElo "2190"]
[Annotator "TA"]
[PlyCount "107"]
[EventDate "2018.09.30"]
[EventCountry "NOR"]
[SourceTitle "playchess.com"]
[Source "ChessBase"]
[SourceQuality "1"]

{[%evp 18,107,18,10,25,14,7,0,33,11,50,62,61,37,37,44,52,54,51,42,71,64,58,66,76,33,37,31,26,31,44,31,41,32,32,32,32,23,153,134,143,110,128,77,147,138,136,114,139,131,139,147,147,139,141,143,129,0,112,0,129,100,159,152,158,150,156,108,124,115,139,89,63,79,123,81,92,84,84,84,85,85,81,10,182,182,181,174,248,248,346,346]} 1. d4 Nf6 2. c4 e6 3. g3 d5 4. Nf3 Bb4+ 5. Bd2 Be7 6. Bg2 O-O 7. O-O Ne4 {E11: Bogo-Indian} (7... Nbd7 8. Nc3 c6 9. Bf4 dxc4 10. e4 Re8 11. a4 b6 12. d5 exd5 13. exd5 Bb7 14. a5 bxa5 15. d6 Bf8 16. Nd2 Nd5 17. Nxd5 cxd5 18. Nxc4 dxc4 19. Bxb7 {½-½ (42) Nakamura,H (2777)-Karjakin,S (2773) Saint Louis 2018}) 8. Qc2 Nd7 9. Rc1 c6 10. Be1 {LiveBook: 4 Games} b6 $146 (10... a5 {looks sharper.} 11. a3 b6 12. Nbd2 Nd6 13. e4 Bb7) ({Predecessor:} 10... f5 11. Nbd2 Bd6 12. Nf1 b6 13. cxd5 cxd5 14. Qa4 Qe7 15. a3 a5 16. b4 Ba6 {0-1 (42) Nguyen,D (2490)-Sethuraman,S (2586) Hamedan 2018}) 11. Nfd2 {cxd5 is the strong threat.} Nxd2 12. Nxd2 Nf6 13. e4 a5 14. e5 Nd7 15. cxd5 cxd5 16. Bf1 Ba6 17. Bxa6 Rxa6 18. Qd3 Ra8 19. Rc2 f6 20. exf6 Bxf6 21. Rac1 e5 22. Qb5 $36 {[%mdl 2048] Black is under pressure.} exd4 23. Qxd5+ Kh8 24. Ne4 Ne5 25. Qxd8 Raxd8 26. Kg2 d3 27. Rc7 d2 (27... Ng4 $11) 28. Bxd2 $16 Nd3 29. R1c6 Be5 30. Re7 (30. Rb7 $142) 30... Nxf2 (30... Bxb2 $142 31. Be3 (31. Rxb6 Ba3 $16) 31... b5) 31. Rxe5 Nxe4 32. Be3 Nc5 33. Re7 (33. Rxb6 Nd7 $17) 33... Rf6 34. Rcc7 Ne6 35. Rb7 Nc5 36. Ra7 (36. Rxg7 Nxb7 37. Rxb7 Rdd6 $17) 36... Ne6 37. Rab7 Nc5 $1 {[%cal Rc5b7]} 38. Ra7 (38. Rxg7 Nxb7 39. Rxb7 Rdd6 $17) 38... Ne6 39. Rad7 Rc8 ({Black should try} 39... Rxd7 40. Rxd7 Kg8) 40. Rd6 $1 Nc5 41. Rxf6 gxf6 {[%mdl 4096] Endgame KRB-KRN} 42. Bd4 Rc6 43. Kf3 Kg8 44. Kg4 Rd6 45. Be3 Ne6 46. Bh6 f5+ 47. Kh5 ({Much weaker is} 47. Kxf5 $6 Nd4+ 48. Ke5 Rxh6 $11) 47... Rc6 48. a4 Rd6 49. b3 Rc6 50. Be3 ({Better is} 50. Kh4 $16) 50... Nc5 $2 {[#]} (50... Ng7+ $1 $11 {and Black is okay.} 51. Kg5 Rg6+ 52. Kf4 Rg4+ 53. Kf3 Rb4) 51. Bxc5 $1 $18 Rxc5 52. Kg5 Rc3 {[#]} (52... Rc2 $142 53. Kf6 (53. Kxf5 Rc3 $16) 53... h5 54. Rg7+ (54. Kxf5 Rxh2 55. Kg6 Kf8 $16) 54... Kf8) 53. Kf6 $1 {[%cal Re7e8]} (53. Kxf5 Rf3+ 54. Kg5 Rxb3 $14) 53... Rc6+ 54. Re6 {Precision: White = 74%, Black = 45%.} ({Weaker is} 54. Kxf5 Rc3 $14) 1-0

[Event "Oslo Chess Festival 2018"]
[Site "Oslo"]
[Date "2018.10.02"]
[Round "4"]
[White "Haug, Johannes"]
[Black "Stella, Andrea"]
[Result "0-1"]
[WhiteElo "2376"]
[BlackElo "2508"]
[Annotator "TA"]
[PlyCount "88"]
[EventDate "2018.09.30"]
[EventCountry "NOR"]
[SourceTitle "playchess.com"]
[Source "ChessBase"]
[SourceQuality "1"]

{[%evp 29,88,12,18,7,7,12,10,1,14,0,0,0,0,-74,-91,-83,-81,-90,-35,-34,-31,-116,-108,-111,-112,-120,-122,-142,-131,-154,-100,-133,-133,-154,-133,-153,-149,-212,-212,-212,-160,-160,-158,-156,-148,-304,-304,-294,-232,-277,-250,-1361,-1298,-1174,-1132,-2798,-2551,-5004,-3645,-29967,-29969]} 1. d4 Nf6 2. c4 e6 3. Nf3 d5 4. Nc3 c5 5. cxd5 Nxd5 6. e4 Nxc3 7. bxc3 cxd4 8. cxd4 Bb4+ 9. Bd2 Bxd2+ 10. Qxd2 O-O 11. Rc1 b6 {D41: Queen's Gambit Declined: Semi-Tarrasch with 5 cxd5} 12. Bd3 Bb7 (12... Ba6 13. Bxa6 Nxa6 14. O-O Rc8 15. Rxc8 Qxc8 16. Rc1 Qb7 17. Qc2 Nb4 18. Qc4 a5 19. a3 {½-½ (45) Navara,D (2741)-Carlsen,M (2842) Biel 2018}) 13. O-O Nd7 14. Qe3 Nf6 15. Ne5 Qe7 {LiveBook: 8 Games} 16. Rfd1 Rac8 17. f3 Rfd8 $146 ({Predecessor:} 17... Nd7 18. Nc4 Nf6 19. Qd2 {½-½ (29) Narkun,M (1745)-Reede,A (1706) LSS email 2014}) 18. Be2 Ne8 19. Kf2 Nd6 20. Nc4 Nxc4 21. Rxc4 (21. Bxc4 $11 h6 22. Kg1) 21... Rxc4 $17 22. Bxc4 Qc7 $1 {[%cal Rc7c4]} 23. Qg5 Rc8 (23... h6 $1 $17 {[%cal Rh6g5]} 24. Qh4 Ra8) 24. Bd3 Qxh2 25. Rc1 ({White should try} 25. Qe7 $15 Qb8 26. Qb4) 25... Qd6 $1 26. Rxc8+ Bxc8 27. Ke3 h6 $36 {[%cal Bh7h6,Bh6h5,Bh5h4][%mdl 2080] Black is on the roll.} 28. Qh4 Qc7 29. Qe1 Bb7 (29... e5 $142 {aiming for ...exd4+.} 30. d5 Qc5+ 31. Ke2 Bd7) 30. Ke2 Qh2 31. Qf1 Qg3 32. Qh1 {[#]} h5 $1 {[%mdl 512]} 33. Qh3 {[#]} (33. Qf1 $17 {was necessary.}) (33. Qxh5 Qxg2+) 33... Qxh3 $1 $19 34. gxh3 {[%mdl 4096] Endgame KB-KB} h4 35. Ke3 g5 36. f4 {[#]} f6 $1 {[%cal Bf7f6,Bf6g5][%mdl 32]} 37. fxg5 $2 (37. Kf3 $17 Kg7 38. Kg4) 37... fxg5 38. Kf3 {Strongly threatening Kg4.} Kg7 39. Kg4 Kh6 40. Bc4 $2 (40. Kf3) 40... Bxe4 41. Bxe6 Kg6 42. d5 Kf6 43. a3 a5 44. Kh5 b5 {Precision: White = 13%, Black = 87%.} 0-1

[Event "Oslo Chess Festival 2018"]
[Site "Oslo"]
[Date "2018.10.02"]
[Round "4"]
[White "Mikalsen, Erlend"]
[Black "Dziuba, Marcin"]
[Result "0-1"]
[WhiteElo "2332"]
[BlackElo "2580"]
[Annotator "TA"]
[PlyCount "102"]
[EventDate "2018.09.30"]
[EventCountry "NOR"]
[SourceTitle "playchess.com"]
[Source "ChessBase"]
[SourceQuality "1"]

{[%evp 27,102,0,0,0,0,-58,-57,-54,-39,-29,0,0,0,0,0,0,0,17,18,17,17,17,23,22,21,-30,-29,-37,-20,-18,-16,-88,-78,-92,-97,-89,-66,-76,-62,-69,-67,-72,-69,-73,-56,-97,-89,-93,-82,-83,-82,-110,-45,-45,-45,-45,-44,-44,-44,-89,-53,-46,-21,-12821,-7601,-12832,-12824,-12850,-12850,-29979,-29980,-29980,-29981,-29984,-29985,-29985,-29986]} 1. e4 c5 2. Nf3 d6 3. d4 cxd4 4. Nxd4 Nf6 5. Nc3 a6 6. Bc4 e6 7. Bb3 b5 8. O-O Be7 9. Qf3 Qb6 10. Be3 Qb7 11. Qg3 b4 12. Na4 Nbd7 13. f3 O-O 14. Rac1 Ne5 {LiveBook: 17 Games. B87: Sicilian Scheveningen/Najdorf: 6 Bc4, with early ...b5} (14... Rb8 15. c3 bxc3 16. Rxc3 Ne5 17. Rfc1 Bd7 18. Qe1 Bd8 19. Qd1 Ba5 20. R3c2 Rfc8 21. Rxc8+ Rxc8 22. Rxc8+ Qxc8 {½-½ (56) Rublevsky,S (2680)-Ponomariov,R (2717) Elista 2007 CBM 119 [Ftacnik,L]}) 15. c3 Bd7 16. Nb6 (16. Rfd1 $11) 16... Nh5 $15 {Black is slightly better.} ({Don't go for} 16... Qxb6 $2 17. Nf5 $18) 17. Qh3 Qxb6 18. Qxh5 Bf6 $146 ({Predecessor:} 18... Nd3 19. Rc2 Nc5 20. cxb4 Qxb4 21. Bc4 Bf6 22. Rd1 {0-1 (54) Dubuc,S (2411)-Harvey,D (2309) ICCF email 2010}) 19. Rfd1 {Black must now prevent Nf5.} bxc3 20. Rxc3 {[#] Nxe6 is the strong threat.} Qb7 21. Bg5 Bxg5 22. Qxg5 Rac8 23. f4 {[%cal Bf3f4,Bf4f5][%mdl 32]} Rxc3 24. bxc3 Nc6 25. f5 {[#] Intending f6 and mate.} h6 26. Qh5 (26. Qg3 $142 Nxd4 27. Rxd4) 26... Nxd4 27. Rxd4 Qc7 28. Qf3 Qc5 {Strongly threatening ...e5.} 29. Kh1 (29. Qf2 $11 {keeps the balance.}) 29... exf5 $17 30. exf5 Re8 $36 {[%mdl 2048] ( -> ...Re1+). Black is really pushing.} 31. h3 Bxf5 32. Qd5 Be6 33. Qxc5 dxc5 34. Ra4 Bxb3 35. axb3 {[%mdl 4096] Endgame KR-KR} Rb8 36. Rc4 Rb5 37. b4 cxb4 38. cxb4 Rb6 39. g4 g6 (39... f6 $17 40. Kg2 Kh7) 40. Kg2 $15 Kg7 41. Kf3 Kf6 42. h4 Ke5 43. g5 hxg5 44. hxg5 Rd6 45. Re4+ $2 {[%mdl 8192]} (45. Rc7 $11) 45... Kf5 $19 46. Rf4+ Kxg5 47. Rxf7 Rf6+ 48. Rxf6 Kxf6 {Black mates.} 49. Kf4 Ke6 50. Kg5 Kd5 51. Kxg6 Kc4 {Precision: White = 42%, Black = 59%.} 0-1

[Event "Oslo Chess Festival 2018"]
[Site "Oslo"]
[Date "2018.10.02"]
[Round "4"]
[White "Risting, Eivind Olav"]
[Black "Lillevold, Frode"]
[Result "0-1"]
[WhiteElo "2305"]
[BlackElo "2063"]
[Annotator "TA"]
[PlyCount "86"]
[EventDate "2018.09.30"]
[EventCountry "NOR"]
[SourceTitle "playchess.com"]
[Source "ChessBase"]
[SourceQuality "1"]

{[%evp 11,86,37,36,0,0,0,0,0,0,0,0,0,18,-24,-37,-47,-30,-46,-43,-80,-82,-118,-107,-119,-119,-137,-126,-112,-68,-126,-126,-225,-144,-206,-81,-174,-52,-136,-127,-200,-200,-242,-249,-234,-211,-236,-214,-310,-291,-317,-328,-311,-290,-420,-431,-412,-410,-413,-416,-390,-390,-374,-380,-417,-412,-384,-383,-350,-131,-663,-660,-1004,-1048,-2129,-2071,-2120,-2075]} 1. d4 d5 2. c4 e6 3. Nc3 Be7 4. Nf3 Nf6 5. Bf4 dxc4 6. e3 {D37: Queen's Gambit Declined: 5 Bf4} Nd5 {LiveBook: 4 Games} (6... a6 7. Bxc4 b5 8. Be2 Bb7 9. Ne5 O-O 10. Bf3 Qc8 11. O-O Rd8 12. Qe2 Bd6 13. Rac1 Ra7 14. Bg5 Bxf3 15. Qxf3 Qb7 16. Ne4 Bxe5 17. dxe5 Nxe4 18. Bxd8 c5 19. Rfd1 Qc6 20. Bb6 Rd7 21. Bxc5 {1-0 (21) Kamsky,G (2670)-Tsydypov,Z (2438) Kazan 2016}) 7. Be5 f6 8. Bg3 {The position is equal.} Nxc3 9. bxc3 b5 10. a4 c6 11. Be2 $146 ({Predecessor:} 11. axb5 cxb5 12. Nd2 Qb6 13. Qb1 Bb7 14. Nxc4 bxc4 15. Bxc4 {½-½ (26) Kraemer,W-Mull,D Bad Laasphe 1994}) 11... Nd7 12. Qb1 a6 13. O-O $1 Nb6 14. a5 Nd5 15. Rc1 Bd6 16. Nd2 Bxg3 17. hxg3 O-O 18. Ne4 Ra7 19. Nc5 Qd6 20. Bf3 (20. e4 $15 Ne7 21. Qb4) 20... e5 $17 21. g4 (21. Qb2 $17) 21... Re7 22. Qc2 (22. Qe4 $17 {is a better defense.}) 22... Nc7 (22... f5 $19 {White must now prevent ...e4.} 23. gxf5 Bxf5) 23. Rd1 (23. Qe4 $17 {was worth a try.}) 23... Ne6 (23... f5 $19 {...e4 is the strong threat.} 24. g5 e4) 24. Ne4 ({White should try} 24. Nxe6 $1 $15 Bxe6 25. dxe5 Qxe5 26. Bxc6) 24... Qc7 25. Ng3 (25. dxe5 $17 {might work better.} Qxe5 26. Rd2) 25... Ng5 $19 26. Rd2 Nxf3+ 27. gxf3 {[#]} exd4 $1 28. Rxd4 c5 29. Rf4 (29. Rdd1 $142) 29... Rd8 30. Kg2 Rd3 31. Qc1 Qe5 32. Ne4 (32. Re4 {keeps fighting.} Qd6 33. Rxe7 Qxe7 34. Qc2) 32... f5 33. gxf5 Bxf5 34. Ng3 Bg6 35. Ne2 Rf7 36. Rxf7 Kxf7 ({Don't take} 36... Bxf7 37. Qh1 $19) 37. Qh1 Qg5+ 38. Kf1 Rd2 39. Ke1 Rc2 $2 {[#]} (39... Qd8 $19 {and Black stays clearly on top. Hoping for ...Qd3.} 40. Nf4 Kg8) 40. Qh2 $2 {[%mdl 8192]} (40. f4 $17 Qd8 41. Qb7+ Kg8 42. Rd1) 40... Bd3 {Black is clearly winning.} 41. Nf4 Qe5 42. Kd1 Bg6 43. Qh4 Qxc3 {Precision: White = 25%, Black = 56%.} 0-1

[Event "Oslo Chess Festival 2018"]
[Site "Oslo"]
[Date "2018.10.02"]
[Round "4"]
[White "Løbersli, Henrik Øie"]
[Black "Kaasen, Tor Fredrik"]
[Result "1/2-1/2"]
[WhiteElo "2120"]
[BlackElo "2384"]
[Annotator "TA"]
[PlyCount "105"]
[EventDate "2018.09.30"]
[EventCountry "NOR"]
[SourceTitle "playchess.com"]
[Source "ChessBase"]
[SourceQuality "1"]

{[%evp 24,105,35,29,43,48,62,49,50,14,38,16,27,7,26,27,31,22,36,46,134,7,65,41,28,29,99,96,106,67,72,78,87,88,73,73,64,71,80,60,103,68,64,61,122,139,134,152,151,179,167,152,193,192,184,104,104,104,179,177,178,188,155,97,97,54,61,56,61,47,92,94,158,152,149,149,145,47,45,45,45,45,56,56]} 1. Nf3 Nf6 2. g3 b6 3. Bg2 Bb7 4. O-O e6 5. c4 Be7 6. d4 d5 7. cxd5 exd5 8. Nc3 O-O 9. Bf4 Re8 {E18: Queen's Indian: Old Main Line (4 g3 Bb7 5 Bg2 Be7 6 0-0 0-0 7 Nc3)} (9... Na6 10. Qa4 Re8 11. Rac1 c5 12. Rfd1 cxd4 13. Nxd4 Nc5 14. Qc2 Rc8 15. Bh3 Ncd7 16. Nf5 Bc5 17. Qa4 a6 {1-0 (65) Howell,D (2687)-Eggleston,D (2397) Hull 2018}) 10. Qc2 c6 11. Rad1 Nbd7 {[%cal Bb8d7,Bd7f8,Bf8e6][%mdl 32]} 12. Ne5 Nf8 13. e4 {LiveBook: 4 Games} Ne6 14. Be3 Rc8 15. exd5 cxd5 16. Qd3 $146 ({Predecessor:} 16. Qb3 Bf8 17. f4 h6 18. g4 {1-0 (29) Naumkin,I (2415)-Bohaddoune,O (2206) Turin 2006}) 16... a6 17. Rfe1 b5 18. Ne2 Ne4 19. Nf4 Bb4 {And now ...Nxf4 would win.} 20. Re2 Nxf4 21. Bxf4 f6 (21... Rc7 $14) 22. Nf3 (22. Bxe4 dxe4 23. Qb3+ Qd5 $17) (22. Qb3 $1 $16 fxe5 23. dxe5) 22... Qa5 (22... Qd7 $11) 23. Bh3 Rcd8 24. a3 Bf8 {[#]} (24... Bd6 $11) 25. Rc1 $1 $16 Re7 26. Rec2 {Threatens to win with Bc7.} (26. Nh4 {keeps more tension.} Qb6 27. Qc2 Ra8 28. Kg2 b4 29. f3) 26... Nd6 27. Bxd6 Rxd6 28. Nd2 g6 29. b4 $36 {[%mdl 2048] Black is under strong pressure.} Qd8 30. Nb3 f5 31. Na5 Rde6 32. Nxb7 Rxb7 33. Rc8 Qd6 (33... Qf6 $14) 34. Bg2 Rbe7 35. Bf3 Re1+ 36. Rxe1 Rxe1+ 37. Kg2 Qd7 38. Qc3 {Black must now prevent Rxf8+!} Re7 39. Qc6 (39. Rc6 $18) 39... Qxc6 40. Rxc6 {[%mdl 4096] Endgame KRB-KRB} Bg7 {[#]} (40... Ra7 $16) 41. Rc8+ $1 $18 ({Resist} 41. Rxa6 Bxd4 42. Ra5 (42. Bxd5+ Kf8 $16) 42... Rc7 $16) 41... Kf7 42. Bxd5+ Kf6 43. Rc6+ ({White should try} 43. Bg8) 43... Kg5 $16 44. h4+ Kh6 45. Bf3 Bxd4 46. Rxa6 Rc7 47. Bc6 Bb2 ({Black should play} 47... Kg7 48. Kf1 (48. Bxb5 Rc2 $14) 48... Bb2 49. Bxb5 Rc1+ 50. Ke2 Rc2+ 51. Kf1 Rc1+ 52. Kg2 Rc2) 48. Bxb5 Rc3 49. a4 Ba3 50. Rc6 (50. Bd7 $16 {Strongly threatening b5.} Bxb4 51. Bxf5) 50... Rxc6 $14 {White is slightly better.} 51. Bxc6 {b5 is the strong threat.} Bxb4 52. f3 Kg7 53. g4 {Precision: White = 52%, Black = 39%.} 1/2-1/2

[Event "Oslo Chess Festival 2018"]
[Site "Oslo"]
[Date "2018.10.02"]
[Round "4"]
[White "Melaa, Sondre Lillestøl"]
[Black "Hobber, Anders"]
[Result "0-1"]
[WhiteElo "2077"]
[BlackElo "2320"]
[Annotator "TA"]
[PlyCount "70"]
[EventDate "2018.09.30"]
[EventCountry "NOR"]
[SourceTitle "playchess.com"]
[Source "ChessBase"]
[SourceQuality "1"]

{[%evp 14,70,62,48,44,44,50,49,53,47,58,-15,-15,-15,-15,-13,-15,-25,-24,-37,0,-55,-51,-91,-102,-103,-45,-81,-43,-54,-36,-45,-39,-166,-184,-166,-154,-408,-412,-439,-517,-509,-476,-461,-335,-361,-326,-521,-522,-519,-436,-29986,-29987,-29987,-445,-29988,-29989,-29989,-29990]} 1. e4 {[%cal Be2e4,Be4e5][%mdl 32]} c6 2. d4 d5 3. e5 c5 4. dxc5 e6 5. a3 (5. Nf3 Bxc5 6. Bd3 Ne7 7. O-O Ng6 8. a3 O-O 9. Nbd2 Nc6 10. b4 Bb6 11. Bb2 Nf4 12. Nb3 a5 13. Qd2 Nxd3 14. cxd3 {½-½ (38) Vitiugov,N (2735)-Anand,V (2776) Karlsruhe/Baden-Baden 2018}) 5... Qc7 6. Nf3 {B12: Caro-Kann: Advance Variation} Nd7 7. b4 Nxe5 8. Bb2 {LiveBook: 3 Games. White is slightly better.} Nxf3+ 9. Qxf3 Bd7 10. Bd3 $146 Nf6 11. Nd2 Be7 12. Qg3 (12. O-O $14) 12... Qxg3 $11 13. hxg3 h6 14. Nf3 O-O 15. Ne5 Ba4 16. g4 Nd7 17. Nf3 (17. Nxd7 $11 Bxd7 18. f4) 17... Rfc8 18. O-O-O {[#]} b6 $1 19. cxb6 axb6 ({Better is} 19... Nxb6 $17 {And now ...Nc4 would win.} 20. g5 Nc4 21. gxh6 Nxb2 22. Kxb2 Bf6+ 23. Kb1 Rc3) 20. Rh3 f6 21. Rd2 Bd6 {[%cal Be7d6,Bd6e5,Be5c3][%mdl 32] aiming for ...Bf4.} 22. Kb1 Kf7 23. Nh4 (23. c4 $15) 23... Ne5 $19 24. Bxe5 Bxe5 25. Ng6 $2 (25. Re2 $17 {was the only chance.}) 25... Bc3 26. Re2 Bd7 27. Ka2 Bxb4 28. Nf4 Rxa3+ 29. Kb2 {Black should prevent Bg6+.} Kg8 {[#]} 30. Nxe6 (30. Bh7+ $1 {[%mdl 512] keeps fighting.} Kxh7 31. Rxa3 Bxa3+ 32. Kxa3) 30... Rca8 {( -> ...Bc3+)} 31. Bf5 Ra2+ 32. Kb1 (32. Kb3 $19 R2a3+ 33. Kb2) 32... Ra1+ 33. Kb2 R8a2+ 34. Kb3 Ba5 {[%csl Ga1,Ga2][%cal Rd7a4]} 35. Bh7+ Kh8 {Precision: White = 33%, Black = 72%.} 0-1

[Event "Oslo Chess Festival 2018"]
[Site "Oslo"]
[Date "2018.10.02"]
[Round "4"]
[White "Bruaset, Eivind"]
[Black "Basso, Pier Luigi"]
[Result "0-1"]
[WhiteElo "2057"]
[BlackElo "2516"]
[Annotator "TA"]
[PlyCount "64"]
[EventDate "2018.09.30"]
[EventCountry "NOR"]
[SourceTitle "playchess.com"]
[Source "ChessBase"]
[SourceQuality "1"]

{[%evp 13,64,0,0,0,0,-8,0,0,0,0,0,0,8,0,0,0,50,32,53,0,0,-101,-68,-54,-121,-96,-65,-99,-57,-45,-45,-36,-30,-30,-30,-165,-155,-180,-175,-172,-164,-352,-275,-718,-718,-682,-682,-672,-665,-647,-625,-772,-760]} 1. e4 e5 2. Nc3 Nf6 3. f4 d5 4. fxe5 Nxe4 5. Qf3 Nxc3 6. bxc3 c5 {C29: Wiener Partie} 7. Bb5+ Nc6 {LiveBook: 7 Partien} 8. Ne2 (8. Qg3 Qb6 9. Rb1 Be6 10. Nf3 O-O-O 11. Rb2 h6 12. O-O Qc7 13. Bxc6 Qxc6 14. d3 {0-1 (40) Dubov,D (2683)-Tomashevsky,E (2713) St Petersburg 2017}) 8... Be7 {Die Stellung ist ausgeglichen.} 9. Nf4 a6 10. Bxc6+ bxc6 11. O-O O-O 12. Nh5 Qd7 $146 ({Vorgänger:} 12... Kh8 13. Qg3 Rg8 14. d3 {0-1 (42) Semenov,D (2329)-Shepotilo,V (2407) Kiev 2002}) 13. h3 Qe6 $1 $36 {[%mdl 2048] Schwarz hat Initiative.} 14. d4 c4 15. Rb1 Qg6 16. Rf2 ({Lieber} 16. Rb6 $14) 16... Bh4 $11 17. g3 (17. Rf1 $11 {bleibt in der Remisbreite.}) 17... Bxh3 $17 18. Nf4 Qxg3+ 19. Qxg3 Bxg3 20. Nxh3 {[#] Schwarz muss nun Tf1 beachten.} Bxf2+ 21. Kxf2 Rfb8 22. Ra1 $1 Rb6 {Und weiter mit ...Tab8 wäre nett.} 23. Ba3 a5 24. Rg1 {[#]} (24. Re1 $11 {und Weiss muss sich keine Sorgen machen.}) 24... Rab8 $1 $19 25. Nf4 {zielt auf Sh5 ab.} Rb1 26. Rg2 Rd1 27. e6 $2 (27. Kf3 {ist eine bessere Verteidigung.}) 27... fxe6 28. Nxe6 $2 (28. Ke2 Rbb1 29. Bd6) 28... Rd2+ {Schwarz steht klar auf Gewinn.} 29. Kf3 Rxg2 30. Kxg2 Re8 31. Nf4 Re3 32. Bb2 {Jetzt Kf2 und Weiss darf weiter klammern.} g5 {Precision: Weiß = 31%, Schwarz = 78%.} 0-1